Czech First League by Badge - Statistics

General Stats
  • This quiz has been taken 22 times
  • The average score is 11 of 16
Answer Stats
Picture Answer % Correct
Slavia Praha
100%
Sparta Praha
100%
Baník Ostrava
82%
Viktoria Plzeň
82%
Bohemians Praha
73%
FC Zlín
73%
Sigma Olomouc
73%
Dukla Praha
68%
FC Pardubice
68%
FK Jablonec
68%
FK Mladá Boleslav
68%
FK Teplice
59%
Slovan Liberec
59%
1. FC Slovácko
55%
Hradec Králové
50%
MFK Karviná
45%
No matching quizzes found
Score Distribution
Percent of People with Each Score
Percentile by Number Answered
Your Score History
You have not taken this quiz